|
|
|
|
| LEADER |
00725nam a2200217Ia 4500 |
| 001 |
CTU_129334 |
| 008 |
210402s9999 xx 000 0 und d |
| 020 |
|
|
|c 42000
|
| 082 |
|
|
|a 425
|
| 082 |
|
|
|b W534
|
| 100 |
|
|
|a Berry, Roger
|
| 245 |
|
0 |
|a Cấu tạo từ tiếng Anh =
|
| 245 |
|
0 |
|b Word fomation
|
| 245 |
|
0 |
|c Roger Berry ; Nguyễn Thành Yến dịch
|
| 260 |
|
|
|a Thành Phố Hồ Chí Minh
|
| 260 |
|
|
|b Nhà xuất bản Thành Phố Hồ Chí Minh
|
| 260 |
|
|
|c 2007
|
| 650 |
|
|
|a English language,English language,Ngôn ngữ tiếng Anh
|
| 650 |
|
|
|x Grammar,Word formation,Ngữ pháp
|
| 904 |
|
|
|i Tuyến
|
| 980 |
|
|
|a Trung tâm Học liệu Trường Đại học Cần Thơ
|